000 00282 a2200109 4500
001 ART_17511
005 20260410161750.0
008 260409a
245 1 0 _aChasing stars
100 1 _aGroysberg, Boris
773 0 _tBook Summary
_g- NÂș 14 (ene. 2011)
_wREV4099
999 _c19580
_d19580